| 000 | 00597nam a22002177a 4500 | ||
|---|---|---|---|
| 005 | 20210419082027.0 | ||
| 008 | 210302s1992 ||||| |||| 00| 0 eng d | ||
| 020 | _a0887306012 (pbk) | ||
| 040 |
_aeng _cDLC |
||
| 041 | _aeng | ||
| 080 |
_a005 _bD-83 |
||
| 100 |
_93 _aDrucker, F. Peter |
||
| 245 |
_aManaging the Non-Profit Organization _b: Practices and Principles _c/ by: Harper Business |
||
| 250 | _a1st edition | ||
| 260 |
_aNew York _bHarper Business _c1992 |
||
| 300 | _a235 p. | ||
| 365 | _b16 usd | ||
| 650 | 0 |
_9324 _aManagement |
|
| 653 | _aმართვა | ||
| 942 |
_2udc _cBK _e1 |
||
| 999 |
_c1850 _d1850 |
||